Optimalizácia výrobných časov a časov práce na základe snímkovania pracovných operácií v podniku Miba Steeltec s. r. o.

Salvato in:
Dettagli Bibliografici
Autore principale: Bašo, Michal (Autore)
Altri autori: Beňo, Rastislav (Relatore della tesi)
Natura: Manoscritto Libro
Lingua:slovacco
Pubblicazione: 2016
Soggetti:
Accesso online:http://is.stuba.sk/zp/portal_zp.pl?podrobnosti=121537
Tags: Aggiungi Tag
Nessun Tag, puoi essere il primo ad aggiungerne!!

MARC

LEADER 00000ntm a22000003a 4500
001 stuzp55426
003 SK-STU
005 20160719154747.9
007 ta
008 150427s2015----xo-----f-mn---000-0-slo-d
040 |a STU  |b slo 
041 0 |a slo 
100 1 |a Bašo, Michal  |u 064000  |k Z4  |4 aut  |U MTF Materiálovotechnologická fakulta  |T MTF Ústav priemyselného inžinierstva a manažmentu  |X 45574  |U M4000  |Y 84  |7 A000045574 
242 0 1 |a Optimization of production times and work times based on measuring of work operations in Miba Steeltec s. r. o.  |y eng 
245 1 0 |a Optimalizácia výrobných časov a časov práce na základe snímkovania pracovných operácií v podniku Miba Steeltec s. r. o. 
260 |c 2016 
650 4 |a optimalizácia  |2 slo 
650 4 |a výroba  |2 slo 
650 4 |a výrobné časy  |2 slo 
650 4 |a výrobné pracoviská  |2 slo 
650 4 |a ergonómia  |2 slo 
650 4 |a optimization  |2 eng 
650 4 |a production  |2 eng 
650 4 |a production times  |2 eng 
650 4 |a workplaces  |2 eng 
650 4 |a ergonomics  |2 eng 
700 1 |a Beňo, Rastislav  |4 ths  |X 34860  |7 A000034860 
856 4 |u http://is.stuba.sk/zp/portal_zp.pl?podrobnosti=121537 
996 |c M* DP-12653  |l MMSKP  |s P  |a 0  |w stuzp55426_0001 
SQL |a stuzp55426  |b DDP  |c SLO  |d Optimalizácia výrobných časov a časov práce na základe snímkovania pracovných operácií v podniku Miba Steeltec s. r. o.  |e 45574  |f Bašo, Michal  |g 064000  |h 34860  |i Beňo, Rastislav  |j 20160531  |k 189  |l 06  |m http://is.stuba.sk/zp/portal_zp.pl?podrobnosti=121537  |n I-PMA  |o 5.2.52. priemyselné inžinierstvo